000 00608nam a2200229Ia 4500
003 OSt
005 20220925203636.0
006 a|||||r|||| 00| 0
007 ta
008 220923b |||||||| |||| 00| 0 eng d
037 _cGeneral Book
040 _aRTL
_cRTL
_beng
041 _2eng
_aeng
082 _aX:8K, M7
100 _aDrury Colin
_9266679
245 0 _aCosting
_b An introduction
260 _aEngland
_bVan Nostrand Reinhold
_c1987
300 _axiii, 361p.
_ccm.
650 _aCost Accounts
942 _hX:8K, M7
_cGB
_2CC
999 _c547270
_d547270